The crying of lot 49 / (Record no. 200468116)

MARC details
000 -LEADER
fixed length control field 03174cam a2200481 i 4500
001 - CONTROL NUMBER
control field 200468116
003 - CONTROL NUMBER IDENTIFIER
control field TR-AnTOB
005 - DATE AND TIME OF LATEST TRANSACTION
control field 20260414171121.0
007 - PHYSICAL DESCRIPTION FIXED FIELD--GENERAL INFORMATION
fixed length control field ta
008 - FIXED-LENGTH DATA ELEMENTS--GENERAL INFORMATION
fixed length control field 260414s1966 pau 000 f eng
010 ## - LIBRARY OF CONGRESS CONTROL NUMBER
LC control number 66012340
020 ## - INTERNATIONAL STANDARD BOOK NUMBER
International Standard Book Number 9780397004188
International Standard Book Number 0397004184
035 ## - SYSTEM CONTROL NUMBER
System control number (CLU)2662470-ucladb-Voyager
System control number (OCoLC)01374466
Canceled/invalid control number (OCoLC)311976
-- (OCoLC)6719344
-- (OCoLC)13523063
-- (OCoLC)1054231175
-- (OCoLC)1166900209
-- (OCoLC)1166939998
System control number (OCoLC)ocm01374466
System control number (EXLNZ-01UCS_NETWORK)9912662412906531
System control number (TR-AnTOB)200468116
040 ## - CATALOGING SOURCE
Original cataloging agency DLC
Language of cataloging eng
Description conventions rda
Transcribing agency DLC
Modifying agency WVQ
-- NLGGC
-- BTCTA
-- OCLCQ
-- DEBBG
-- OCLCO
-- OCLCF
-- OCLCQ
-- SWW
-- OCLCO
-- LMR
-- NZAUC
-- OCLCO
-- OCL
-- CNUTO
-- SFR
-- OCLCQ
-- QGE
-- OCLCQ
-- YT6
-- PAU
-- OCLCQ
-- GZN
-- OCLCO
-- UMK
-- OCLCO
-- CPO
-- L2U
-- OCLCO
-- OCLCA
-- OCLCQ
-- OCLCO
-- BCZ
-- OCLCO
-- SQ9
-- OCLCO
-- CBA
-- SUC
-- SHC
-- CCM
-- OCLCO
-- OCLCL
-- OCLCQ
-- IG#
-- KPV
-- OCLCO
-- OCLCL
-- TR-AnTOB
041 0# - LANGUAGE CODE
Language code of text/sound track or separate title İngilizce
043 ## - GEOGRAPHIC AREA CODE
Geographic area code n-us-ca
050 04 - LIBRARY OF CONGRESS CALL NUMBER
Classification number PS3566.Y55
Item number C7 1966
090 ## - LOCALLY ASSIGNED LC-TYPE CALL NUMBER (OCLC); LOCAL CALL NUMBER (RLIN)
Classification number (OCLC) (R) ; Classification number, CALL (RLIN) (NR) PS3566.Y55
Local cutter number (OCLC) ; Book number/undivided call number, CALL (RLIN) C7 1966
100 1# - MAIN ENTRY--PERSONAL NAME
Personal name Pynchon, Thomas
Relator term author
Relator code aut
9 (RLIN) 153650
245 14 - TITLE STATEMENT
Title The crying of lot 49 /
Statement of responsibility, etc. by Thomas Pynchon.
250 ## - EDITION STATEMENT
Edition statement First edition.
264 #1 - PRODUCTION, PUBLICATION, DISTRIBUTION, MANUFACTURE, AND COPYRIGHT NOTICE
Place of production, publication, distribution, manufacture Philadelphia :
Name of producer, publisher, distributor, manufacturer J.B. Lippincott Company,
Date of production, publication, distribution, manufacture, or copyright notice [1966]
300 ## - PHYSICAL DESCRIPTION
Extent 183 pages ;
Dimensions 21 cm
336 ## - CONTENT TYPE
Content type term text
Content type code txt
Source rdacontent
337 ## - MEDIA TYPE
Media type term unmediated
Media type code n
Source rdamedia
338 ## - CARRIER TYPE
Carrier type term volume
Carrier type code nc
Source rdacarrier
500 ## - GENERAL NOTE
General note "A portion of this novel was first published in Esquire magazine under the title: The world (this one), the flesh (Mrs. Oedipa Maas), and the testament of Pierce Inverarity. Another portion has appeared in Cavalier."
520 ## - SUMMARY, ETC.
Summary, etc. This is considered a postmodernist novel. The protagonist is a woman named Oedipa Maas who, when the novel begins, learns that her former boyfriend, the wealthy Pierce Inverarity, has died and designated her to be the executor of his enormous estate. Inverarity's assets include vast stretches of property, a significant stamp collection, and many shares in an aerospace corporation called Yoyodyne. As Oedipa goes through her late boyfriend's will, aided by a lawyer named Metzger who works for Inverarity's law firm, she learns about a series of secret societies and strange groups of people involved in a sort of renegade postal system called Tristero. [She leaves her husband and heads for Southern California.] She starts seeing ubiquitous cryptic diagrams of a simple horn, a symbol with a seemingly infinite number of meanings. Every clue she uncovers about Tristero and the horn leads haphazardly to another, like a brainstorm, or a free association of ideas. --A.J. at Amazon.com.
650 #0 - SUBJECT ADDED ENTRY--TOPICAL TERM
Topical term or geographic name entry element Administration of estates
Form subdivision Fiction
9 (RLIN) 153665
Topical term or geographic name entry element Married women
Form subdivision Fiction
9 (RLIN) 5233
651 #0 - SUBJECT ADDED ENTRY--GEOGRAPHIC NAME
Geographic name California
Form subdivision Fiction
9 (RLIN) 84827
655 #7 - INDEX TERM--GENRE/FORM
Genre/form data or focus term Fiction
Source of term lcgft
Authority record control number http://id.loc.gov/authorities/genreForms/gf2014026339
9 (RLIN) 151487
Genre/form data or focus term Humorous fiction
Source of term lcgft
Authority record control number http://id.loc.gov/authorities/genreForms/gf2014026377
9 (RLIN) 5235
Genre/form data or focus term Satirical literature
Source of term lcgft
Authority record control number http://id.loc.gov/authorities/genreForms/gf2014026525
9 (RLIN) 153666
942 ## - ADDED ENTRY ELEMENTS (KOHA)
Source of classification or shelving scheme Library of Congress Classification
Koha item type Book
Holdings
Withdrawn status Lost status Source of classification or shelving scheme Not for loan Collection code Home library Current library Shelving location Date acquired Source of acquisition Inventory number Total Checkouts Full call number Date last seen Copy number Date shelved Koha item type Public note
    Library of Congress Classification Ödünç Verilemez-Kurumiçi kullanım / Not for loan-For inhouse use Genel Koleksiyon Tıp Fakültesi Medikal Kütüphane Tıp Fakültesi Medikal Kütüphane Genel Koleksiyon / Main Collection 18/03/2026 Bağış / Donation İDE   PS3566.Y55 C7 1966 TıpFaK 14/04/2026 1 14/04/2026 Book Donated by Prof. Dr. Şükrü Cin
Devinim Yazılım Eğitim Danışmanlık tarafından Koha'nın orjinal sürümü uyarlanarak geliştirilip kurulmuştur.